00809nam a2200157 a 450000100100000000500170001000800410002704000250006811000640009324502340015726001080039130000210049904900090052095201050052999900170063400003219020200930063515.0110713s1947 dr 000 0 spa d aDO-SdBNPbspacBNPHU1 aConsejo Administrativo del Distrito de Santo Domingo94496710aMemoria que presenta al honorable presidente de la República y al Consejo Administrativo del Distrito de Santo Domingo su presidente Modesto E. Díaz, relativoa a las labores realizada por este organismo durante el año 1947. aCiudad Trujillo, República Dominicana :bConsejo Administrativo del Distrito de Santo Domingo,c1947. a335 p. ;c23 cm. aBNPD 0010718PDaPDbPDcCTd2011-07-13iLF1l0o p32190-10r2020-06-25w2020-06-25yLFPDZNo se presta c31681d31681